00484nam a2200157 a 450000100100000000500170001000800410002702000150006804000250008308200170010810000210012524500710014626000720021730000200028970000170030900002372520200930022423.0110112s1989 ag r 000 0 spa d a9509840084 aDO-SdBNPbspacBNPHU axxxxxbC334c1 aCasabianca, Ruth10aComo equivoarse menos en terapia /cRuth Casabianca , Hugo Hirsch. aBuenos Aires, Argentina :bUniversidad Nacional del Litoral,c1989. a93 p. ;c20 cm.1 aHirsch, Hugo